Nutella nutellae : racconti poliglotti /

Salvato in:
Dettagli Bibliografici
Autore principale: Cassini, Riccardo, (1960- ) (Autore)
Natura: Libro
Lingua:italiano
Pubblicazione: Modena : Panini, c1993
Serie:Comix pillole ; 4
Tags: Aggiungi Tag
Nessun Tag, puoi essere il primo ad aggiungerne!!

MARC

LEADER 00000nam a22000007i 4500
001 IT\ICCU\MOD\0196468
003 ItRI
005 20260115231926.0
008 010330s1993 it |||||| ||||| |||||c
020 |a 887686220X 
040 |b ita  |c importazione bologna sebina 
041 7 |a ita  |2 ISO-639-2 
100 1 |a Cassini, Riccardo,  |d  (1960- )  |0 IT\ICCU\BVEV\024757  |4 aut 
245 1 0 |a Nutella nutellae :  |b racconti poliglotti /  |c Riccardo Cassini. 
260 |a Modena :  |b Panini,  |c c1993 
300 |a 28 p. :  |b ill. ;  |c 16 cm. 
830 0 |a Comix pillole ;  |v 4  |0 IT\ICCU\MOD\0196469 
942 |2 ddc  |c BK  |n 0 
952 |0 0  |1 0  |4 0  |6 DOC_853_914000000000000_CAS  |7 0  |9 16755  |a BO  |b BO  |d 2026-01-15  |i 9109  |l 0  |o DOC 853.914 CAS  |p BO9109  |r 2026-01-15 23:19:26  |w 2026-01-15  |x [Sebina 5] [1 v.]  |y BK  |z 1 v. 
999 |c 14321  |d 14321